| 000 | 00590nam a2200217 a 4500 | ||
|---|---|---|---|
| 005 | 20140310183247.0 | ||
| 008 | 040916s19uu xx 00 eng d | ||
| 020 | _a9711202522 | ||
| 050 |
_aHD 69 _b.M516 2004 |
||
| 100 | _aMejorada, Nenita D. | ||
| 245 |
_aManagement services, part 1/. _cNenita Mejorada. |
||
| 250 | _a4th d. | ||
| 260 |
_aManila : _bGoodwill Traind Co.,Inc, _c2004. |
||
| 300 |
_a334 p. : _c25 cm. |
||
| 521 | _aBSBA | ||
| 650 | _aAccounting. | ||
| 650 | _aIndustrial management. | ||
| 650 | _aManagement services. | ||
| 942 |
_cBK _2lcc _kLOC |
||
| 999 |
_c20705 _d20705 |
||